000 01203nam0a22003011 4500
001 rc\3641075
005 20130115145437.7
021 _aRU
_b70-12599
021 _aRU
_bРг5291-70
035 _a(NLR Aleph) 007728567
090 _a7030091
_c7030091
100 _a20130115d1970 |||y0rusy50 ca
101 0 _arus
102 _aRU
105 _ay z |||||
200 1 _aАнализ систем избирательного распределения информации
_eТезисы докладов
_fАзерб. науч.-исслед. ин-т науч.-техн. информации и науч. организации труда Госплана АзССР
210 _aБаку
_cБ. и.
_d1970
215 _a8 с.
_d20
300 _aПеред загл. авт.: Д.М. Мехтиев, Р.К. Аракелов, Р.Н. Гайдукова
309 _aОтпеч. множит. аппаратом
700 1 _aМехтиев
_bД. М. оглы
_gДжаваншир Мехти оглы
701 1 _aАракелов
_bР. К.
701 1 _aГайдукова
_bР. Н.
801 0 _aRU
_bNLR
_gpsbo
801 1 _aRU
_bELAR
_2rusmarc
852 _aNLR
_j70-4/3088
942 _cBOOK
980 _aNB